[Event "VIII Memorial Gianfranco Molinari B"]
[Site "Milano ITA"]
[Date "2014.11.01"]
[Round "4"]
[White "Frignani, Alessandro"]
[Black "Cagnotto, Marco"]
[WhiteElo "1469"]
[BlackElo "1529"]
[Result "0-1"]
[PlyCount "82"]
[EventDate "2014.10.29"]

1. e4 c5 2. f4 Nc6 3. Nf3 g6 4. g3 Bg7 5. Bg2 d6 6. h3 Nf6 7. d3 O-O 8. Nc3 a6
9. Bd2 b5 10. Qe2 Nd7 11. Rb1 e6 12. h4 Nd4 13. Nxd4 cxd4 14. Nd1 Re8 15. e5
Rb8 16. Bc6 Qc7 17. Bxd7 Bxd7 18. exd6 Qxd6 19. O-O Bc6 20. Nf2 e5 21. Qg4 Qd5
22. Qh3 f5 23. b3 e4 24. dxe4 fxe4 25. Bb4 Rbc8 26. Rbd1 Bd7 27. Qg2 Rxc2 28.
Rd2 Rxd2 29. Bxd2 Bc6 30. Bb4 e3 31. Qxd5+ Bxd5 32. Nd3 Bf8 33. Re1 Bxb4 34.
Nxb4 Be4 35. Nxa6 Bc2 36. Kf1 d3 37. Nb4 d2 38. Nxc2 e2+ 39. Rxe2 d1=Q+ 40. Re1
Rxe1+ 41. Nxe1 Qa1 0-1

[Event "VIII Memorial Gianfranco Molinari B"]
[Site "Milano ITA"]
[Date "2014.11.01"]
[Round "4"]
[White "Giaretta, Fulvio"]
[Black "Iacchetti, Giovanni"]
[WhiteElo "1794"]
[BlackElo "1714"]
[Result "1-0"]
[PlyCount "45"]
[EventDate "2014.10.29"]

1. e4 d6 2. d4 Nf6 3. Nc3 g6 4. f4 Bg7 5. Nf3 O-O 6. Be2 c6 7. O-O b5 8. e5
dxe5 9. fxe5 Nd5 10. Nxd5 Qxd5 11. b3 Bb7 12. c4 Qd7 13. Qd3 b4 14. Bb2 a5 15.
Ng5 Na6 16. Qe4 h6 17. e6 fxe6 18. Nxe6 Rxf1+ 19. Rxf1 Qe8 20. Nxg7 Kxg7 21.
d5+ e5 22. dxe6+ Kh7 23. Rf7+ 1-0

[Event "VIII Memorial Gianfranco Molinari B"]
[Site "Milano ITA"]
[Date "2014.11.01"]
[Round "4"]
[White "Invernizzi, Ferruccio"]
[Black "Conta, Diego"]
[WhiteElo "1617"]
[BlackElo "1694"]
[Result "0-1"]
[PlyCount "140"]
[EventDate "2014.10.29"]

1. e4 e6 2. d4 d5 3. Nc3 Nf6 4. Bg5 h6 5. Bxf6 Qxf6 6. exd5 Bb4 7. Bb5+ c6 8.
dxc6 Nxc6 9. Nf3 O-O 10. O-O Ne7 11. Ne4 Qf4 12. Bd3 b6 13. c3 f5 14. Ng3 Bd6
15. Qd2 Qg4 16. h3 Qg6 17. Ne5 Qe8 18. Rfe1 Nc6 19. Bb5 Bxe5 20. Rxe5 a6 21.
Bxc6 Qxc6 22. Rae1 Bb7 23. f3 Rf6 24. Nh5 Rg6 25. Nf4 Rf6 26. Rxe6 Rxe6 27.
Rxe6 Qc7 28. Qe3 Bc6 29. Qe5 Qxe5 30. dxe5 Rc8 31. Ne2 Bd5 32. Rxb6 Bxa2 33.
Nd4 Bc4 34. Nxf5 Rc5 35. f4 Bd3 36. Nd4 a5 37. Kf2 a4 38. Ke3 Bf1 39. Rb8+ Kh7
40. Ra8 Bxg2 41. Rxa4 Bxh3 42. e6 Rc7 43. Ra6 Kg6 44. Ke4 Kf6 45. Kd5 Re7 46.
Kd6 h5 47. f5 Bg2 48. b4 h4 49. Ra2 h3 50. Rxg2 hxg2 51. Nf3 Ra7 52. b5 Ra3 53.
e7 Ra8 54. b6 Rb8 55. Kc7 Re8 56. b7 Rxe7+ 57. Kb6 Re8 58. Ka7 Kxf5 59. b8=Q
Rxb8 60. Kxb8 Ke4 61. Ng1 Kd3 62. Kc7 Kxc3 63. Kd6 Kd4 64. Ke6 Ke4 65. Kf7 g5
66. Kg6 Kf4 67. Nh3+ Kg3 68. Ng1 g4 69. Ne2+ Kf2 70. Nf4 g1=Q 0-1

[Event "VIII Memorial Gianfranco Molinari B"]
[Site "Milano ITA"]
[Date "2014.11.01"]
[Round "4"]
[White "Poletto, Daniele"]
[Black "Taccani Stella, Alberto"]
[WhiteElo "1731"]
[BlackElo "1300"]
[Result "1-0"]
[PlyCount "83"]
[EventDate "2014.10.29"]

1. c4 Nf6 2. Nc3 d6 3. e4 Nc6 4. Nge2 e5 5. g3 Be7 6. Bg2 b6 7. d3 Bb7 8. h3
O-O 9. O-O h6 10. Be3 Kh7 11. Qd2 Nb8 12. f4 c5 13. f5 a5 14. Kh2 Bc6 15. Ng1
Ra7 16. g4 Ng8 17. Nf3 g5 18. fxg6+ fxg6 19. g5 h5 20. Rf2 Na6 21. Raf1 Ra8 22.
Nd5 Bxd5 23. cxd5 Qc7 24. h4 Nb4 25. a3 Na6 26. Bh3 c4 27. Rc1 Nc5 28. Bxc5
bxc5 29. dxc4 Rf4 30. Ng1 Rxf2+ 31. Qxf2 Rf8 32. Qg3 Rf4 33. Rf1 Rxf1 34. Bxf1
Qd8 35. Bh3 Qf8 36. Qf3 Qxf3 37. Nxf3 Bd8 38. Ne1 Ne7 39. Nd3 Nc8 40. b4 cxb4
41. axb4 axb4 42. Bxc8 1-0

[Event "VIII Memorial Gianfranco Molinari B"]
[Site "Milano ITA"]
[Date "2014.11.01"]
[Round "4"]
[White "Verderame, Alberto"]
[Black "Bracco, Valter"]
[WhiteElo "1474"]
[BlackElo "1447"]
[Result "1/2-1/2"]
[PlyCount "108"]
[EventDate "2014.10.29"]

1. Nf3 Nf6 2. d4 d5 3. b3 e6 4. Bb2 Nbd7 5. Nbd2 Be7 6. a3 O-O 7. e3 a6 8. Bd3
b5 9. O-O Re8 10. Ne5 Bb7 11. f4 c5 12. c4 dxc4 13. bxc4 bxc4 14. Ndxc4 cxd4
15. Bxd4 Bc5 16. Nxd7 Nxd7 17. Bxc5 Nxc5 18. Nd6 Re7 19. Nxb7 Rxb7 20. Bxh7+
Kxh7 21. Qh5+ Kg8 22. Qxc5 Rc8 23. Qh5 Rb5 24. Qg4 Qb6 25. Rf3 Rb3 26. f5 Rxe3
27. Rxe3 Qxe3+ 28. Kf1 Qd3+ 29. Kg1 Qe3+ 30. Kf1 Qd3+ 31. Qe2 Qxf5+ 32. Kg1 Rc2
33. Qf3 Qxf3 34. gxf3 Kf8 35. Rb1 Ra2 36. Rb3 Ke7 37. Rb7+ Kf6 38. Rb3 g6 39.
h4 e5 40. Rb6+ Kf5 41. Rxa6 f6 42. a4 Ra1+ 43. Kf2 Rh1 44. Rb6 Rxh4 45. a5 Ra4
46. a6 Kg5 47. Ke3 f5 48. Kd2 Kf4 49. Rxg6 Kxf3 50. Kc3 e4 51. Kb3 Ra5 52. Kb4
Ra1 53. Kb5 e3 54. Kb6 e2 1/2-1/2

[Event "VIII Memorial Gianfranco Molinari B"]
[Site "Milano ITA"]
[Date "2014.11.01"]
[Round "5"]
[White "Baronio, Gaia"]
[Black "Crippa, Oscar"]
[WhiteElo "1686"]
[BlackElo "1685"]
[Result "1-0"]
[PlyCount "129"]
[EventDate "2014.10.29"]

1. e4 e6 2. d4 d5 3. Nd2 Nf6 4. e5 Nfd7 5. Bd3 c5 6. c3 Nc6 7. Ne2 cxd4 8. cxd4
f6 9. exf6 Nxf6 10. O-O Bd6 11. Nf3 O-O 12. Bg5 Qb6 13. Nc3 Bd7 14. Na4 Qd8 15.
Rc1 b6 16. Re1 Rc8 17. Nc3 Be7 18. Ba6 Rb8 19. Bf4 e5 20. dxe5 Nh5 21. Qxd5+
Kh8 22. Bg3 Nb4 23. Qc4 Nxg3 24. hxg3 Nxa6 25. Qxa6 Bc6 26. Qe2 Qe8 27. Ne4 Bb4
28. Red1 Bb5 29. Qe3 Qh5 30. Qg5 Qxg5 31. Nexg5 Be2 32. Rd4 Bc5 33. Rd2 Bxf3
34. Nxf3 Rbd8 35. Rcd1 Rxd2 36. Rxd2 Kg8 37. Rd7 a5 38. Rd2 h6 39. Re2 Kf7 40.
Nd2 Ke6 41. Nb3 Be7 42. Kf1 Rd8 43. f4 Rd3 44. g4 g6 45. Rd2 Rg3 46. Nd4+ Kf7
47. Nc6 Rxg4 48. Rd7 Rxf4+ 49. Kg1 Ke6 50. Rxe7+ Kd5 51. Nd8 Rf8 52. Nf7 h5 53.
e6 Rc8 54. Rd7+ Kxe6 55. Rb7 Rf8 56. Ng5+ Kf5 57. Rf7+ Rxf7 58. Nxf7 Ke4 59.
Nd6+ Kd4 60. Kf1 Kd3 61. Nc8 b5 62. Nd6 b4 63. Ke1 Kc2 64. Nc4 Kd3 65. Nxa5 1-0

[Event "VIII Memorial Gianfranco Molinari B"]
[Site "Milano ITA"]
[Date "2014.11.01"]
[Round "5"]
[White "Berendino, Giacomo"]
[Black "Areni, Matteo"]
[WhiteElo "1636"]
[BlackElo "1557"]
[Result "0-1"]
[PlyCount "40"]
[EventDate "2014.10.29"]

1. d4 Nf6 2. Bg5 e6 3. f3 d5 4. Nd2 h6 5. Bh4 c5 6. e4 cxd4 7. e5 g5 8. Bf2
Nfd7 9. Bxd4 Nc6 10. Bf2 Ndxe5 11. Bb5 Bd7 12. Qe2 Qa5 13. c3 Rc8 14. Bg3 Bg7
15. f4 d4 16. fxe5 dxc3 17. Nb3 cxb2+ 18. Nxa5 bxa1=Q+ 19. Kf2 Qd4+ 20. Kf1
Nxa5 0-1

[Event "VIII Memorial Gianfranco Molinari B"]
[Site "Milano ITA"]
[Date "2014.11.01"]
[Round "5"]
[White "Bracco, Valter"]
[Black "Vigliaroli, Matteo Luigi"]
[WhiteElo "1447"]
[BlackElo "1652"]
[Result "1/2-1/2"]
[PlyCount "97"]
[EventDate "2014.10.29"]

1. e4 e6 2. d4 d5 3. exd5 exd5 4. Nf3 Nf6 5. Bd3 Bd6 6. O-O O-O 7. Bg5 Bg4 8.
Nbd2 Nbd7 9. Re1 c6 10. c3 Qc7 11. Qc2 Rfe8 12. h3 Bh5 13. a3 Bg6 14. Bxg6 hxg6
15. Rad1 b6 16. Qb1 a5 17. Rxe8+ Rxe8 18. Re1 a4 19. Rxe8+ Nxe8 20. Qe1 Nef6
21. Qe2 b5 22. Bh4 Kh7 23. Nf1 Ne4 24. Ng5+ Nxg5 25. Bxg5 Nf6 26. Bh4 Ne4 27.
f3 Nf6 28. Qe1 Nh5 29. Bf2 f5 30. g3 Qd7 31. Kg2 g5 32. Qe2 g6 33. Qd2 g4 34.
fxg4 fxg4 35. h4 Qe6 36. Qe3 Qf5 37. Nh2 Nf6 38. Qe2 g5 39. hxg5 Qxg5 40. Be3
Qh5 41. Qd3+ Ne4 42. Bf2 Kg8 43. Qe2 Qh3+ 44. Kh1 Nxf2+ 45. Qxf2 Bxg3 46. Qe2
Qxh2+ 47. Qxh2 Bxh2 48. Kxh2 Kg7 49. Kg3 1/2-1/2

[Event "VIII Memorial Gianfranco Molinari B"]
[Site "Milano ITA"]
[Date "2014.11.01"]
[Round "5"]
[White "Cagnotto, Marco"]
[Black "Conta, Diego"]
[WhiteElo "1529"]
[BlackElo "1694"]
[Result "1/2-1/2"]
[PlyCount "64"]
[EventDate "2014.10.29"]

1. e4 e6 2. d4 d5 3. e5 c5 4. c3 Nc6 5. Nf3 Bd7 6. Be2 Qb6 7. O-O Nge7 8. Na3
cxd4 9. cxd4 Nf5 10. Nc2 Be7 11. b3 O-O 12. Bb2 f6 13. Kh1 fxe5 14. Nxe5 Nxe5
15. dxe5 Bc5 16. Qd2 Bxf2 17. Bf3 Be3 18. Nxe3 Nxe3 19. Rfc1 Nf5 20. Rc3 Nh4
21. Bg4 Rf2 22. Qg5 Raf8 23. Rcc1 Rxb2 24. Qxh4 Qf2 25. Qh3 Qf7 26. g3 Qe7 27.
Rc7 Kh8 28. Rxb7 d4 29. Rc7 d3 30. Rd1 d2 31. a4 Rxb3 32. Rxd2 Rb1+ 1/2-1/2

[Event "VIII Memorial Gianfranco Molinari B"]
[Site "Milano ITA"]
[Date "2014.11.01"]
[Round "5"]
[White "Casamassima, Paolo"]
[Black "Colica, Daniele"]
[WhiteElo "1687"]
[BlackElo "1710"]
[Result "1-0"]
[PlyCount "65"]
[EventDate "2014.10.29"]

1. d4 Nf6 2. c4 e6 3. Nf3 b6 4. g3 Bb7 5. Bg2 Bb4+ 6. Bd2 Qe7 7. O-O Bxd2 8.
Nbxd2 O-O 9. e3 d5 10. Ne5 Nbd7 11. Nxd7 Qxd7 12. Rc1 Ne4 13. Nxe4 dxe4 14. b4
Rac8 15. c5 Bd5 16. a4 bxc5 17. dxc5 Rfd8 18. b5 Qe7 19. Qc2 f5 20. Rfd1 e5 21.
Bf1 Kh8 22. Bc4 Qe6 23. Bxd5 Rxd5 24. Rxd5 Qxd5 25. Rd1 Qe6 26. c6 Qe7 27. Rd7
Qb4 28. Qd1 g6 29. Kg2 Qf8 30. Qd5 Qe8 31. a5 f4 32. Qxe4 Qe6 33. exf4 1-0

[Event "VIII Memorial Gianfranco Molinari B"]
[Site "Milano ITA"]
[Date "2014.11.01"]
[Round "5"]
[White "Iacchetti, Giovanni"]
[Black "Invernizzi, Ferruccio"]
[WhiteElo "1714"]
[BlackElo "1617"]
[Result "1-0"]
[PlyCount "119"]
[EventDate "2014.10.29"]

1. Nf3 d6 2. b3 Nf6 3. Bb2 g6 4. e3 Bg7 5. Be2 O-O 6. d4 c6 7. O-O Nbd7 8. c4
a6 9. Nc3 Qc7 10. Rc1 e5 11. Qc2 Re8 12. Rfd1 exd4 13. Nxd4 Nc5 14. Bf3 Bg4 15.
b4 Bxf3 16. Nxf3 Nce4 17. Nxe4 Nxe4 18. Bxg7 Kxg7 19. Rd4 Qe7 20. Rcd1 Rad8 21.
Qb2 Qf6 22. Qc2 Qe7 23. a4 d5 24. Qb2 Qf6 25. c5 Kg8 26. Qc1 g5 27. h3 h5 28.
Rf1 Kg7 29. Nd2 g4 30. hxg4 hxg4 31. Nxe4 Rxe4 32. Rxe4 dxe4 33. Qa1 Rd2 34.
Qxf6+ Kxf6 35. Rb1 Ra2 36. a5 Rd2 37. Kf1 Ke5 38. Ke1 Rd3 39. Rd1 Rxd1+ 40.
Kxd1 Kd5 41. Ke2 Kc4 42. f3 f5 43. fxg4 fxg4 44. Kf2 Kxb4 45. Kg3 Kxc5 46. Kxg4
Kd5 47. Kf4 c5 48. g4 c4 49. g5 Kd6 50. Kxe4 c3 51. Kd3 Ke5 52. Kxc3 Kf5 53.
Kd4 Kxg5 54. Kd5 Kf6 55. e4 Ke7 56. e5 Kd7 57. e6+ Kc7 58. Ke5 Kd8 59. Kd6 Ke8
60. e7 1-0

[Event "VIII Memorial Gianfranco Molinari B"]
[Site "Milano ITA"]
[Date "2014.11.01"]
[Round "5"]
[White "Madaschi, Sergio"]
[Black "Giaretta, Fulvio"]
[WhiteElo "1532"]
[BlackElo "1794"]
[Result "0-1"]
[PlyCount "56"]
[EventDate "2014.10.29"]

1. e4 e5 2. Nf3 Nc6 3. Bb5 a6 4. Ba4 Nf6 5. O-O Be7 6. Re1 d6 7. h3 b5 8. Bb3
Na5 9. c3 Bb7 10. Bc2 c5 11. d4 Qc7 12. Bg5 Rc8 13. d5 O-O 14. Nbd2 Qd8 15. Rc1
Nxd5 16. Bxe7 Nxe7 17. b4 cxb4 18. cxb4 Nc4 19. Bb3 Nxd2 20. Qxd2 Rxc1 21. Qxc1
Ng6 22. Qe3 Qe7 23. g3 Kh8 24. h4 Qd7 25. Kg2 f5 26. exf5 Qxf5 27. Bd1 Qg4 28.
Kh2 Bxf3 0-1

[Event "VIII Memorial Gianfranco Molinari B"]
[Site "Milano ITA"]
[Date "2014.11.01"]
[Round "5"]
[White "Taccani Stella, Alberto"]
[Black "Verderame, Alberto"]
[WhiteElo "1300"]
[BlackElo "1474"]
[Result "0-1"]
[PlyCount "68"]
[EventDate "2014.10.29"]

1. c4 c6 2. g3 Nf6 3. Nc3 d5 4. cxd5 cxd5 5. d4 e6 6. Nf3 Bb4 7. Bd2 O-O 8. a3
Ba5 9. b4 Bc7 10. Bg2 Nbd7 11. O-O a6 12. Bg5 Qe8 13. Re1 h6 14. Bd2 Ne4 15.
Nxe4 dxe4 16. Ne5 Nxe5 17. dxe5 Bxe5 18. Rc1 f5 19. Bc3 Bb8 20. e3 e5 21. Qd5+
Kh7 22. f4 exf3 23. Bxf3 Ra7 24. e4 Bd7 25. exf5 Bc6 26. Qd3 Bxf3 27. Qxf3 b5
28. Re2 Raf7 29. g4 Qe7 30. Rce1 Qg5 31. Bxe5 Rxf5 32. Qh3 Bxe5 33. Rxe5 Rxe5
34. Rxe5 Qxe5 0-1

[Event "VIII Memorial Gianfranco Molinari B"]
[Site "Milano ITA"]
[Date "2014.11.02"]
[Round "6"]
[White "Baronio, Gaia"]
[Black "Casamassima, Paolo"]
[WhiteElo "1686"]
[BlackElo "1687"]
[Result "1-0"]
[PlyCount "55"]
[EventDate "2014.10.29"]

1. e4 c5 2. Nf3 Nc6 3. d4 cxd4 4. Nxd4 a6 5. Nc3 e6 6. Be2 Nf6 7. O-O Qc7 8.
Be3 Bb4 9. Bd3 Bxc3 10. bxc3 h6 11. f4 Na5 12. Ne2 Nc4 13. Bd4 e5 14. fxe5 Nxe5
15. Ng3 d6 16. Nf5 Bxf5 17. exf5 O-O 18. Qd2 Rac8 19. Rae1 Rfe8 20. Re3 Kh7 21.
Rh3 Rh8 22. Rf4 Kg8 23. Rfh4 Kf8 24. c4 a5 25. Rg3 Qe7 26. Qxa5 Nxc4 27. Bxc4
Rxc4 28. Bxf6 1-0

[Event "VIII Memorial Gianfranco Molinari B"]
[Site "Milano ITA"]
[Date "2014.11.02"]
[Round "6"]
[White "Colica, Daniele"]
[Black "Areni, Matteo"]
[WhiteElo "1710"]
[BlackElo "1557"]
[Result "1/2-1/2"]
[PlyCount "83"]
[EventDate "2014.10.29"]

1. Nf3 Nf6 2. b3 d5 3. Bb2 c5 4. e3 g6 5. Bb5+ Bd7 6. Qe2 a6 7. Bxd7+ Nbxd7 8.
c4 dxc4 9. bxc4 Bg7 10. O-O O-O 11. d4 Qc7 12. Nc3 Rac8 13. Ne5 e6 14. Rad1
cxd4 15. exd4 Rfd8 16. f4 Nb6 17. Nb1 Qe7 18. Rc1 Rc7 19. Rfd1 Qb4 20. Rc3 Qe7
21. Rb3 Nbd7 22. Ba3 Qe8 23. Bd6 Rcc8 24. Rxb7 Nxe5 25. Bxe5 Qa4 26. Rc1 Nh5
27. Bxg7 Nxg7 28. Qb2 Nf5 29. Rb4 Qc6 30. Rb6 Qe4 31. Qf2 Rxd4 32. Re1 Qxf4 33.
Qxf4 Rxf4 34. Nd2 Rd8 35. Nf3 Rxc4 36. Rxa6 Nd4 37. Nxd4 Rcxd4 38. a4 Rd1 39.
Kf2 R8d2+ 40. Re2 Kg7 41. a5 Rxe2+ 42. Kxe2 1/2-1/2

[Event "VIII Memorial Gianfranco Molinari B"]
[Site "Milano ITA"]
[Date "2014.11.02"]
[Round "6"]
[White "Conta, Diego"]
[Black "Bracco, Valter"]
[WhiteElo "1694"]
[BlackElo "1447"]
[Result "1/2-1/2"]
[PlyCount "92"]
[EventDate "2014.10.29"]

1. e4 c5 2. f4 Nc6 3. Nf3 e6 4. Be2 a6 5. O-O Qc7 6. d3 d6 7. c3 Nf6 8. h3 g6
9. e5 dxe5 10. fxe5 Nxe5 11. Nxe5 Qxe5 12. Bf4 Qd5 13. Bf3 Qd8 14. Be5 Bg7 15.
Qa4+ Bd7 16. Qf4 O-O 17. Bxf6 Bxf6 18. Bxb7 Ra7 19. Qxf6 Rxb7 20. b3 Qb6 21. c4
Qd6 22. Qc3 Bc6 23. Nd2 Rd7 24. Ne4 Bxe4 25. dxe4 Qc6 26. Qf3 Rd4 27. Rad1 Qxe4
28. Qxe4 Rxe4 29. Rd6 Ra8 30. Rc6 Re5 31. Rc7 f5 32. Rd1 g5 33. Rdd7 h5 34.
Rg7+ Kf8 35. Rxg5 Rd8 36. Rxh5 Kg8 37. Rhh7 Re2 38. a4 Rb2 39. Rb7 Rbd2 40.
Rhg7+ Kf8 41. h4 Re2 42. Rgc7 Re4 43. Rf7+ Kg8 44. Rg7+ Kf8 45. Rh7 Kg8 46.
Rbg7+ Kf8 1/2-1/2

[Event "VIII Memorial Gianfranco Molinari B"]
[Site "Milano ITA"]
[Date "2014.11.02"]
[Round "6"]
[White "Giaretta, Fulvio"]
[Black "Crippa, Oscar"]
[WhiteElo "1794"]
[BlackElo "1685"]
[Result "1-0"]
[PlyCount "111"]
[EventDate "2014.10.29"]

1. e4 e6 2. d4 d5 3. Nd2 Nf6 4. e5 Nfd7 5. Bd3 c5 6. c3 Nc6 7. Ndf3 cxd4 8.
cxd4 a6 9. a3 g6 10. Ne2 Bg7 11. O-O O-O 12. Be3 f5 13. Qd2 Na5 14. Qc3 Nc6 15.
Rfc1 h6 16. Nf4 Qe8 17. h4 Kh7 18. Rc2 Rf7 19. Rac1 Nf8 20. Qd2 Bd7 21. g3 Rd8
22. Kg2 Na7 23. Qb4 Bc6 24. Qc5 Nc8 25. Qa5 Na7 26. Bd2 Ba4 27. Rc3 Bc6 28. a4
Bxa4 29. Qb6 Nc8 30. Qb4 Na7 31. Rc7 Rxc7 32. Rxc7 Bc6 33. Bxa6 Rc8 34. Rxc8
Qxc8 35. Bd3 Qd7 36. Qa3 Nb5 37. Bxb5 Bxb5 38. Bb4 Qe8 39. Qa5 Ba6 40. Qb6 Qb5
41. Qxb5 Bxb5 42. Bxf8 Bxf8 43. Nxe6 Be7 44. Ne1 g5 45. hxg5 hxg5 46. Nc2 b6
47. f4 gxf4 48. Nxf4 Bc4 49. Ne3 Bg5 50. Nxf5 Bxf4 51. gxf4 Kg6 52. Ne3 Bb3 53.
Kg3 b5 54. f5+ Kf7 55. Kf4 Bc4 56. e6+ 1-0

[Event "VIII Memorial Gianfranco Molinari B"]
[Site "Milano ITA"]
[Date "2014.11.02"]
[Round "6"]
[White "Invernizzi, Ferruccio"]
[Black "Taccani Stella, Alberto"]
[WhiteElo "1617"]
[BlackElo "1300"]
[Result "1-0"]
[PlyCount "67"]
[EventDate "2014.10.29"]

1. e4 d6 2. d4 Nf6 3. Nc3 g6 4. Be2 a6 5. h4 h5 6. Bg5 Bg7 7. Qd2 Nbd7 8. O-O-O
c6 9. e5 dxe5 10. dxe5 Nd5 11. Nxd5 cxd5 12. Qxd5 Bxe5 13. f4 Bf6 14. Bxf6 exf6
15. g4 Qe7 16. gxh5 Nb6 17. Qb3 Qe6 18. Qxe6+ Bxe6 19. hxg6 fxg6 20. Bd3 Rh6
21. Be4 Rb8 22. Nf3 Bg4 23. Rd6 f5 24. Rxb6 fxe4 25. Ne5 Bf3 26. Rg1 Rxh4 27.
Re6+ Kd8 28. Nxg6 Rh1 29. Rxh1 Bxh1 30. f5 Rc8 31. f6 Rc6 32. Rxc6 bxc6 33. f7
e3 34. f8=Q+ 1-0

[Event "VIII Memorial Gianfranco Molinari B"]
[Site "Milano ITA"]
[Date "2014.11.02"]
[Round "6"]
[White "Pollio, Ciro"]
[Black "Madaschi, Sergio"]
[WhiteElo "1755"]
[BlackElo "1532"]
[Result "1-0"]
[PlyCount "49"]
[EventDate "2014.10.29"]

1. d4 Nf6 2. c4 e6 3. Nc3 Bb4 4. Qc2 c5 5. e3 Nc6 6. Nf3 d5 7. a3 Qa5 8. Rb1
Bxc3+ 9. bxc3 Ne4 10. Bb2 cxd4 11. exd4 O-O 12. Bd3 f5 13. O-O Bd7 14. cxd5
exd5 15. c4 Be6 16. Bc1 Qc7 17. cxd5 Bxd5 18. Rb5 Rad8 19. Ne5 Qc8 20. f3 Nxd4
21. Qxc8 Rxc8 22. Rxd5 Nb3 23. fxe4 Rxc1 24. Rxc1 Nxc1 25. Bc4 1-0

[Event "VIII Memorial Gianfranco Molinari B"]
[Site "Milano ITA"]
[Date "2014.11.02"]
[Round "6"]
[White "Verderame, Alberto"]
[Black "Fantina, Carla"]
[WhiteElo "1474"]
[BlackElo "1358"]
[Result "1-0"]
[PlyCount "75"]
[EventDate "2014.10.29"]

1. Nf3 d6 2. d4 Nf6 3. Nbd2 g6 4. b3 Bg7 5. Bb2 O-O 6. e4 Re8 7. Bd3 Nbd7 8.
O-O e5 9. Bc4 Nb6 10. dxe5 dxe5 11. Nxe5 Nxc4 12. Nexc4 Nxe4 13. Bxg7 Kxg7 14.
Re1 Bf5 15. Qb1 b5 16. Nxe4 Rxe4 17. Qb2+ Qf6 18. Qxf6+ Kxf6 19. Ne3 c6 20.
Nxf5 gxf5 21. Red1 Rae8 22. h3 R8e5 23. Rd2 a5 24. Rad1 Re1+ 25. Kh2 Rxd1 26.
Rxd1 Ke7 27. Kg3 Re2 28. Rc1 Ke6 29. Kf3 Re5 30. a3 f6 31. c4 Rc5 32. Ke3 Ke5
33. f4+ Kd6 34. Rd1+ Kc7 35. Kd4 Kb6 36. Rc1 bxc4 37. bxc4 a4 38. Rb1+ 1-0

[Event "VIII Memorial Gianfranco Molinari B"]
[Site "Milano ITA"]
[Date "2014.11.02"]
[Round "6"]
[White "Vigliaroli, Matteo Luigi"]
[Black "Iacchetti, Giovanni"]
[WhiteElo "1652"]
[BlackElo "1714"]
[Result "0-1"]
[PlyCount "56"]
[EventDate "2014.10.29"]

1. e4 d6 2. d4 Nf6 3. Nc3 g6 4. Bc4 Bg7 5. Nge2 c6 6. O-O O-O 7. Be3 b5 8. Bb3
b4 9. Na4 Nxe4 10. c3 bxc3 11. Naxc3 Nf6 12. h3 Nbd7 13. Rc1 Nb6 14. Na4 Bd7
15. Qd2 Nbd5 16. Bh6 Ne4 17. Qd3 Bxh6 18. Qxe4 Bxc1 19. Rxc1 Nf6 20. Qf3 Rc8
21. Nac3 c5 22. dxc5 Rxc5 23. Rd1 Bc6 24. Qd3 Qa8 25. Nf4 Rg5 26. g3 Qc8 27. h4
Re5 28. Nxg6 Qh3 0-1

[Event "IV Trofeo Giorgio Porreca A"]
[Site "Napoli ITA"]
[Date "2014.09.25"]
[Round "1"]
[White "Lombardo, Michele"]
[Black "Gromovs, Sergejs"]
[Result "1-0"]
[WhiteElo "2052"]
[BlackElo "2323"]
[PlyCount "65"]
[EventDate "2014.09.25"]

1. e4 c5 2. Nc3 Nc6 3. g3 e6 4. Bg2 d6 5. d3 Nf6 6. Be3 Be7 7. h3 O-O 8. f4 Rb8
9. Nf3 b5 10. g4 b4 11. Ne2 c4 12. Ng3 cxd3 13. cxd3 Ba6 14. O-O Qa5 15. Rf2 d5
16. g5 Nd7 17. Nd4 Nxd4 18. Bxd4 Nc5 19. Rd2 dxe4 20. dxe4 Rfd8 21. Nh5 Nxe4
22. Bxe4 Rxd4 23. Rxd4 Bc5 24. Kg2 Bxd4 25. Qxd4 e5 26. Qxe5 Qxe5 27. fxe5 Re8
28. Re1 Kf8 29. Bxh7 g6 30. Nf6 Re6 31. Kg3 Kg7 32. h4 Bb5 33. h5 1-0

[Event "IV Trofeo Giorgio Porreca A"]
[Site "Napoli ITA"]
[Date "2014.09.25"]
[Round "1"]
[White "Esposito, Luca"]
[Black "Ficco, Corrado"]
[Result "0-1"]
[WhiteElo "2195"]
[BlackElo "2027"]
[PlyCount "96"]
[EventDate "2014.09.25"]

1. Nf3 g6 2. c4 Bg7 3. d4 d6 4. g3 b6 5. Bg2 Bb7 6. O-O Nd7 7. Nc3 e6 8. e4 Ne7
9. Be3 a6 10. Qd2 h6 11. Rfe1 Nf6 12. d5 e5 13. h3 g5 14. b4 Ng6 15. c5 g4 16.
Nh2 gxh3 17. Bxh3 Bc8 18. Bxc8 Rxc8 19. Qe2 Ra8 20. Ng4 bxc5 21. bxc5 h5 22.
Nxf6+ Qxf6 23. Kg2 h4 24. Qg4 Bh6 25. c6 Bxe3 26. Rxe3 Kf8 27. Qf5 Qxf5 28.
exf5 Ne7 29. g4 Rb8 30. Rd1 Rb4 31. Re4 Rb2 32. Ra4 h3+ 33. Kh1 Rxf2 34. Ne4
Rf4 35. Rxa6 Nxd5 36. Rxd5 Rxe4 37. f6 Kg8 38. Ra8+ Kh7 39. Rxh8+ Kxh8 40. g5
Rc4 41. Rb5 Kh7 42. Rb8 Kg6 43. Rg8+ Kf5 44. Kh2 Rxc6 45. Kxh3 d5 46. Kh4 e4
47. Rg7 e3 48. Rxf7 e2 0-1

[Event "IV Trofeo Giorgio Porreca A"]
[Site "Napoli ITA"]
[Date "2014.09.25"]
[Round "1"]
[White "Gonzini, Gianmaria"]
[Black "Auletta, Angelo"]
[Result "1/2-1/2"]
[WhiteElo "1967"]
[BlackElo "2168"]
[PlyCount "79"]
[EventDate "2014.09.25"]

1. Nf3 d5 2. e3 g6 3. d4 Bg7 4. c4 Nf6 5. Nc3 O-O 6. cxd5 Nxd5 7. Bc4 Nxc3 8.
bxc3 c5 9. O-O Qc7 10. Be2 Nc6 11. Ba3 Qa5 12. Bxc5 b6 13. Bb4 Nxb4 14. cxb4
Qxb4 15. Qb3 Qd6 16. a4 Bd7 17. a5 b5 18. a6 Rab8 19. Ra5 Rb6 20. Rfa1 h6 21.
Qb2 Rc8 22. h3 g5 23. e4 Qf4 24. Re1 Qxe4 25. Bf1 Qd5 26. Rxe7 Qd6 27. Re3 Rxa6
28. Qa2 Rxa5 29. Qxa5 a6 30. Ra3 Rc1 31. Ra1 Rxa1 32. Qxa1 Qb6 33. Qa2 a5 34.
Ne5 Be8 35. Qd5 a4 36. Qa8 Qe6 37. Bxb5 Kf8 38. Bxa4 Bxe5 39. dxe5 Qxe5 40.
Qxe8+ 1/2-1/2

[Event "IV Trofeo Giorgio Porreca A"]
[Site "Napoli ITA"]
[Date "2014.09.25"]
[Round "1"]
[White "Messina, Enrico"]
[Black "Cosenza, Gianni"]
[Result "0-1"]
[WhiteElo "2135"]
[BlackElo "1946"]
[PlyCount "90"]
[EventDate "2014.09.25"]

1. e4 e6 2. Nf3 d5 3. e5 c5 4. b4 cxb4 5. a3 Nc6 6. axb4 Bxb4 7. c3 Be7 8. d4
f6 9. Bd3 Qc7 10. Bf4 g5 11. Bg3 Qd8 12. exf6 Bxf6 13. Na3 Nh6 14. h4 g4 15.
Ne5 Nxe5 16. dxe5 Bg7 17. Qc2 Nf5 18. Qa4+ Bd7 19. Qxg4 O-O 20. h5 Nh6 21. Qe2
Qa5 22. Qc2 d4 23. Bxh7+ Kh8 24. O-O Qxc3 25. Rfd1 Bc6 26. Bg6 b5 27. Qb1 Qc5
28. Rc1 Qb6 29. Rxc6 Qxc6 30. Be4 Qc5 31. Bxa8 Rxa8 32. Qxb5 Qc3 33. Qb1 Nf5
34. Bf4 d3 35. Ra2 Rd8 36. Qb2 Qe1+ 37. Kh2 Qe4 38. g3 Nh4 39. f3 Nxf3+ 40. Kh3
d2 41. Bxd2 Rxd2 42. Qb8+ Kh7 43. Rxd2 Nxd2 44. Qxa7 Nf3 45. Qf7 Ng5+ 0-1

[Event "IV Trofeo Giorgio Porreca A"]
[Site "Napoli ITA"]
[Date "2014.09.25"]
[Round "1"]
[White "Melchior, Alex"]
[Black "Buiano, Fabio"]
[Result "0-1"]
[WhiteElo "1920"]
[BlackElo "2083"]
[PlyCount "106"]
[EventDate "2014.09.25"]

1. d4 d6 2. c4 e5 3. dxe5 dxe5 4. Qxd8+ Kxd8 5. Nf3 f6 6. a3 Be6 7. e4 Nd7 8.
Nc3 c6 9. Be3 Bc5 10. Bxc5 Nxc5 11. Nd2 a5 12. O-O-O Ke7 13. b3 Nh6 14. Be2
Rhd8 15. Kc2 Bf7 16. Ndb1 Rd4 17. Rd2 Rad8 18. Rhd1 b5 19. b4 axb4 20. axb4 Na6
21. Rxd4 exd4 22. Na2 bxc4 23. Bf3 Nc7 24. e5 Bg6+ 25. Kb2 c3+ 26. Nbxc3 dxc3+
27. Nxc3 Rxd1 28. exf6+ Kxf6 29. Nxd1 Be8 30. Ne3 Nf5 31. Nxf5 Kxf5 32. Kc3 Ke5
33. Kc4 Kd6 34. h4 Bf7+ 35. Kd4 Nb5+ 36. Kd3 Bd5 37. Be4 Bxe4+ 38. Kxe4 Nc3+
39. Kd3 Nd5 40. Kc4 Ke5 41. b5 cxb5+ 42. Kxb5 Kf4 43. Kc5 Nf6 44. Kd6 Kg4 45.
Ke6 Kxh4 46. Kf7 Nh5 47. Kg8 h6 48. Kh7 Kg5 49. g3 Kf6 50. g4 Nf4 51. f3 Ne6
52. Kh8 Ng5 53. f4 Nh3 0-1